| 000 | 00438nam a2200157Ia 4500 | ||
|---|---|---|---|
| 003 | GCL | ||
| 008 | 140319s9999 xx 000 0 eng d | ||
| 040 |
_aGCL / _cGCL |
||
| 082 | 0 | 4 |
_a938.0709 _bB C |
| 100 | 1 | _aBOSWORTH, A.B. | |
| 245 | 1 | 0 |
_aCONQUEST AND EMPIRE: THE REIGN OF ALEXANDER THE GREAT / _cBOSWORTH, A.B. |
| 260 |
_a[S.N] : _bCAMBRIBGE UNIVERSITY PRESS ، _c1988 |
||
| 300 | _a330 P | ||
| 650 | 0 | 4 | _aALEXANDRIA |
| 942 |
_2ddc _cBK |
||
| 999 |
_c17531 _d17531 |
||